000 01586nam a2200289Ia 4500
999 _c52995
_d52995
001 20026
003 GE_BSU
005 20200602210007.0
008 181216s1958||||ge |||||||||||||| ||geo||
040 _cGE_BSU
041 _ageo
080 _a81'44 შ-25
100 _aშარაძენიძე, თინ.
_98282
245 _aენათა კლასიფიკაციის პრინციპები = Классификации языков и их принципы /
_cთინ. შარაძენიძე ; რედაქტორი : არ. ჩიქობავა.
264 _aთბილისი :
_bსაქ. სსრ მეცნ. აკად. გამ-ბა და სტ.,
_c1958[ყდაზე 1959].
300 _a543 გვ. ;
_c22 სმ.
500 _aგაშლილი თავფურცელი რუსულ ენაზე
501 _aდანართი "საკუთარ სახელთა საძიებელი", გვ. 539-411
504 _a ბიბლიოგრაფია შენიშვნებში
541 _h4ლ.40თ.
653 _aგრამატიკა
653 _aენათა კლასიფიკაცია
700 _aჩიქობავა, არ.
_eრედაქტორი
_98283
710 _aსაქართველოს სსრ მეცნიერებათა აკადემია
_98284
710 _aენათმეცნიერების ინსტიტუტი
_98285
942 _cBK
_2udc